00793 2200181 4500001002100000005001500021035002000036245004300056100002100099250001700120300003300137260003600170082001000206084001600216020002200232650001400254520034300268INLIS00000000000037420240605071446 a0010-06240000831 aTanah Sang Raksasa /cDwianto setyawan0 aDwianto setyawan acetakan ke-3 avii, 67 hlm :bilus ;c21 cm aJakarta :bBalai Pustaka,c2007 a398.2 a398.2 DWI k a978-979-666-276-0 4aBuku Anak aSelama hidup aku belum pernah berperang dengan manusia. namun, sebentar lagi terpaksa aku lakukan"....... Raksasa bargawa sudah bersiap-siap. ia mengenakan pakaian dari kulit yang tebal. Di tangannya tergenggam sebuah penggada. rambutnya panjang beriap-riap. matanya besar. Besok raksasa akan berperang melawan raja dan bala tentaranya.